Регионална библиотека "Любен Каравелов" - Русе

Как се става космонавт (Запис номер 140014)

MARC детайли
000 -Лидер
Контролно поле с фиксирана дължина nam a22 a 4500
003 - Код на организацията, давaща контролен номер
Контролно поле BLK
005 - Дата и час на последна редакция
Контролно поле 20210205083543.0
008 - Елементи от данни с фиксирана дължина
fixed length control field 180409b bul|||||r ||||||| ||bul||
010 ## - Наследен системен номер
LC control number KNG00146070000
040 ## - Източник на каталожния запис
Идентификатор на билиотеката - собственик на записа BLK
041 ## - Код за език
Код за езика на текст/звукозапис или на отделно заглавие Български
Код за езика КДБФ Български
080 ## - УДК
Текстов определител УДК Българска литература
УДК код - определител по УДК 821.163.2
УДК определител -93-1
УДК - код + определител 821.163.2-93-1
100 1# - Редна дума - Автор
Автор Даскалова, Лиана Георгиева
Авторска отговорност първи автор
R(LIN) 377018
139 ## - Редно поле
Редна дума Даскалова, Лиана Георгиева
Авторски знак Дас - Д 24
245 10 - Сведения за заглавието
Заглавие Как се става космонавт
Подзаглавни данни Поема за деца
Редно поле (дума) Лиана Георгиева Даскалова; худож. Симеон Халачев.
257 ## - Страна на издаване
Страна на създаване/издаване България
260 ## - Област на издателските данни
Име на издателя, разпространителя и проч. Бълг. художник
Година на издаване 1964
Печатница София : ДП Балкан
Място на издаване, разпространение и проч. София
300 ## - Физическа характеристика
Страници 16 с.
Илюстрации и др. с ил.
Размери/Мащаб 31 см
380 ## - Жанр
Жанр Детска худож. лит.
500 ## - Общи забележки
Забележка Кор. опис. - 50 000 тир.
653 ## - Ключова дума – ненормативна
Ключова дума литература за деца
653 ## - Ключова дума – ненормативна
Ключова дума детска литература
700 1# - Други автори (авторска отговорност)
Лично име Халачев, Симеон
Автороска отговорност (Описва отношението между автора и произведението) худож.
9 (RLIN) 379352
852 ## - Местоположение
Форматна сигнатура Цб ІІ 18172
856 4# - Електронен адрес и достъп
Електронен формат pdf - файл
856 4# - Електронен адрес и достъп
Електронен формат pdf - файл
999 ## - СИСТЕМНИ КОНТРОЛНИ НОМЕРА
Koha biblionumber 140014
Koha biblioitemnumber 140014
942 ## - АРТИКУЛИ
Вид на библиотечния материал Книги
Скрит в OPAC Не
Периодичен библиозапис Да
944 ## - СЪЗДАВАНЕ И РЕДАКЦИЯ на ЗАПИСА
Създаване/Редакция Създаване
Дата на регистрацията/редакция 16.07.2013
Статус, дата на статуса 16.07.2013 - от С1,Р / 16.07.2013
Служител, извършил регистрацията/редакцията Полина_Златанова
944 ## - СЪЗДАВАНЕ И РЕДАКЦИЯ на ЗАПИСА
Създаване/Редакция Редакция
Дата на регистрацията/редакция 16.07.2013
Статус, дата на статуса 16.07.2013 - от С1,Р / 16.07.2013
999 ## - СИСТЕМНИ КОНТРОЛНИ НОМЕРА
Koha biblioitemnumber 140014
Наличности
Код за отписване Код за изгубен артикул Източник на класификационната схема Код за повреда Коз за рестрикции Код за отдаване Артикулен № Име на библиотеката - собственик Име на библиотеката, в която се намира в момента Статус (Текущо местоположение) Дата на вписване в системата Местоположение - отдел Цена в лева Инвентарен номер Систематично азбучна сигнатура Баркод Номер на екземпляра Цена в евро Служебна бележка Служебен тип на артикула
  Не е изгубен Universal Decimal Classification Не е повреден само за читалня ползва се в читалня 229468 Регионална библиотека "Любен Каравелов" Русе Регионална библиотека "Любен Каравелов" Русе Хранилище 1964-01-01 Хранилище 0.20 15407/64 Цб ІІ 18172 900000048810 1 0.10 N: стар фонд Дата: 01.01.1964 Книги
Изтеглен Не е изгубен Universal Decimal Classification Не е повреден без рестрикции заемане за дома 229469 Регионална библиотека "Любен Каравелов" Русе Регионална библиотека "Любен Каравелов" Русе Детски отдел 1964-01-01 Детски отдел 0.20 16281/64 ДХ 886.7/Д 24 16281/64 2 0.10 N: стар фонд Дата: 01.01.1964 Дата инв: 26.08.2015 Бележки инв: Д2015 Книги
Vip Innovations Ltd, Rousse, Bulgaria 2025